[Event "15th ch-Euro Seniors +65"]
[Site "Eretria GRE"]
[Date "2015.05.07"]
[Round "9.4"]
[White "Hohler, Peter"]
[Black "Stokes, Michael"]
[Result "1/2-1/2"]
[WhiteTitle "FM"]
[WhiteElo "2141"]
[BlackElo "2135"]
[WhiteFideId "1300296"]
[BlackFideId "442542"]
[EventDate "2015.04.29"]

1. Nf3 Nf6 2. g3 g6 3. b3 Bg7 4. Bb2 d6 5. d4 O-O 6. Bg2 Nbd7 7. O-O Re8 8. Nbd2
e5 9. dxe5 Ng4 10. Nc4 Ngxe5 11. Nfxe5 Nxe5 12. Nxe5 Bxe5 13. Bxe5 dxe5 14. Qxd8
Rxd8 15. Rfd1 Re8 16. c4 1/2-1/2